| 000 | 01006nam a2200265 i 4500 | ||
|---|---|---|---|
| 001 | 22073 | ||
| 003 | ES-MaACL | ||
| 005 | 20250813040329.0 | ||
| 007 | t| | ||
| 008 | 021129s1981 sp ||||1| spa d | ||
| 020 | _a84-249-0076-6 | ||
| 080 | _a549(0:82) | ||
| 100 | 0 |
_aAlfonso _bX, _cRey de Castilla _919872 |
|
| 245 | 1 | 0 |
_aLapidario : _b(según el manuscrito escurialense H.I.15) / _cAlfonso el Sabio ; introducción, edición, notas y vocabulario de Sagrario Rodríguez Montalvo ; prólogo de Rafael Lapesa. |
| 260 |
_aMadrid : _bGredos, _c[1981] |
||
| 300 |
_a330 p. ; _c25 cm. |
||
| 490 | 1 |
_aBiblioteca románica hispánica IV. Textos ; _v14 |
|
| 504 | _aBibliografía. | ||
| 650 | 4 |
_aAstrología y gemas- _vObras anteriores a 1800. _9173790 |
|
| 700 | 1 |
_aRodríguez Montalvo, Sagrario. _998677 |
|
| 700 | 0 |
_aLapesa, Rafael, _d1908-2001 _970146 |
|
| 830 | 1 |
_aBiblioteca románica hispánica IV. Textos ; _v14 _9178362 |
|
| 852 | 4 |
_aES-MaACL _jL-1584 |
|
| 999 |
_c22073 _d22073 |
||